| Tag |
First Indicator |
Second Indicator |
Subfields |
| LEADER |
00000cam a22000008a 4500 |
| 001 |
in00000017339 |
| 005 |
20151007053529.0 |
| 008 |
870730s1987 enka b 10000 eng d |
| 010 |
|
|
|a gb 87039455
|
| 015 |
|
|
|a GB87-39455
|
| 020 |
|
|
|a 0121254623 :
|c £25.00 (Oct.)
|
| 035 |
|
|
|a (OCoLC)16718888
|
| 035 |
|
|
|9 AAB1971AM
|
| 040 |
|
|
|a UKM
|c UKM
|d TXA
|d UtOrBLW
|
| 049 |
|
|
|a TXAM
|c [A12610907]
|
| 050 |
1 |
0 |
|a QK86
|
| 050 |
|
4 |
|a QK86.A1
|b B67 1987
|
| 082 |
0 |
|
|a 639.9/9
|2 19
|
| 245 |
0 |
0 |
|a Botanic gardens and the world conservation strategy :
|b proceedings of an International Conference 26-30 November 1985 held at Las Palmas de Gran Canaria /
|c edited by D. Bramwell [and others].
|
| 264 |
|
1 |
|a London ;
|b [publisher not identified] ;
|a Orlando Published for IUCN by Academic,
|c 1987.
|
| 300 |
|
|
|a xxxix, 367 unnumbered pages :
|b illustrations ;
|c 23 cm.
|
| 336 |
|
|
|a text
|b txt
|2 rdacontent
|
| 337 |
|
|
|a unmediated
|b n
|2 rdamedia
|
| 338 |
|
|
|a volume
|b nc
|2 rdacarrier
|
| 500 |
|
|
|a Conference organised by the International Union for Conservation of Nature and Natural Resources.
|
| 504 |
|
|
|a Includes bibliography.
|
| 650 |
|
0 |
|a Plant conservation
|v Congresses.
|
| 650 |
|
0 |
|a Botanical gardens
|x Congresses.
|
| 700 |
1 |
|
|a Bramwell, D.
|
| 711 |
2 |
|
|a Conference on Botanic Gardens and the World Conservation Strategy
|d (1985 :
|c Las Palmas, Gran Canaria)
|
| 710 |
2 |
|
|a International Union for Conservation of Nature and Natural Resources.
|
| 999 |
|
|
|a MARS
|
| 999 |
f |
f |
|s c96863fc-2457-3464-9cf8-99dfa6d4ec48
|i dba5b2e2-3ab1-3744-90d3-a0384bf17e37
|t 0
|
| 952 |
f |
f |
|p normal
|a Texas A&M University
|b College Station
|c Sterling C. Evans Library
|d Evans: Library Stacks
|t 0
|e QK86.A1 B67 1987
|h Library of Congress classification
|i unmediated -- volume
|m A14812610907
|
| 998 |
f |
f |
|a QK86.A1 B67 1987
|t 0
|l Evans: Library Stacks
|